The fire of His holiness : (Record no. 17370)

000 -LEADER
fixed length control field 00686nam a2200205 a 4500
001 - CONTROL NUMBER
control field :::00021302$&:&@@
003 - CONTROL NUMBER IDENTIFIER
control field OkBaRHE
005 - DATE AND TIME OF LATEST TRANSACTION
control field 20100402130618.0
008 - FIXED-LENGTH DATA ELEMENTS--GENERAL INFORMATION
fixed length control field s1999 j 000 0 eng u
020 ## - INTERNATIONAL STANDARD BOOK NUMBER
International Standard Book Number 0830723781
040 ## - CATALOGING SOURCE
Transcribing agency
100 1# - MAIN ENTRY--PERSONAL NAME
Personal name Scataglini, Sergio
245 14 - TITLE STATEMENT
Title The fire of His holiness :
Remainder of title prepare yourself to enter God's presence
Statement of responsibility, etc Appendix (p 183-191)
260 ## - PUBLICATION, DISTRIBUTION, ETC. (IMPRINT)
Place of publication, distribution, etc Ventura, CA
Name of publisher, distributor, etc Renew Books
Date of publication, distribution, etc 1999
300 ## - PHYSICAL DESCRIPTION
Extent 191 p
650 ## - SUBJECT ADDED ENTRY--TOPICAL TERM
Topical term or geographic name as entry element Christian life-Assemblies of God Authors
650 ## - SUBJECT ADDED ENTRY--TOPICAL TERM
Topical term or geographic name as entry element Holiness-Christianity.
942 ## - ADDED ENTRY ELEMENTS (KOHA)
Source of classification or shelving scheme
Koha item type Books
Copies
Lost status Source of classification or shelving scheme Withdrawn status Price effective from Permanent Location Damaged status Barcode Date acquired Not for loan Koha item type Date last seen Copy number Shelving location Full call number
   2010-04-14RHEMA Bible Training College 213022010-04-14 Books2010-04-141General StacksBV 4510.2 .S2813 1999